[Event "M.Botvinnik Memorial 2012"]
[Site "St. Petersburg, Russia"]
[Date "2012.09.01"]
[Round "8.20"]
[White "Arslanov, Shamil"]
[Black "Ponkratov, Pavel"]
[Result "1/2-1/2"]
[WhiteElo "2416"]
[BlackElo "2598"]
[PlyCount "80"]
[EventDate "2012.08.25"]

1. e4 e6 2. d4 d5 3. Nd2 c5 4. exd5 Qxd5 5. Ngf3 cxd4 6. Bc4 Qd8 7. O-O Nc6 8.
Nb3 Nf6 9. Nbxd4 Nxd4 10. Nxd4 Qc7 11. Bb3 Bd7 12. Qf3 Bd6 13. h3 O-O 14. Bg5
Be5 15. Rad1 a5 16. a4 Nd5 17. Bxd5 exd5 18. Qxd5 Bxa4 19. b3 Bxd4 20. Qxd4 Bc6
21. Qd6 Qc8 22. Rd3 Be4 23. Rg3 Ra6 24. Qd4 Bg6 25. h4 h5 26. c3 b5 27. Ra1 Qe6
28. c4 bxc4 29. Qxc4 Qxc4 30. bxc4 a4 31. c5 Rb8 32. c6 Rxc6 33. Rxa4 Rb1+ 34.
Kh2 Rf1 35. Be3 Kh7 36. Rg5 Rd6 37. Rd4 Ra6 38. Rb4 Raa1 39. Rd4 Rh1+ 40. Kg3
Rhd1 1/2-1/2

[Event "M.Botvinnik Memorial 2012"]
[Site "St. Petersburg, Russia"]
[Date "2012.09.01"]
[Round "8.21"]
[White "Yemelin, Vasily"]
[Black "Gordievsky, Dmitry"]
[Result "1/2-1/2"]
[WhiteElo "2579"]
[BlackElo "2437"]
[PlyCount "81"]
[EventDate "2012.08.25"]

1. e4 Nf6 2. e5 Nd5 3. d4 d6 4. Nf3 g6 5. Bc4 Nb6 6. Bb3 Bg7 7. Ng5 e6 8. Qf3
Qe7 9. Ne4 dxe5 10. Bg5 Qb4+ 11. c3 Qa5 12. Bf6 O-O 13. Bxg7 Kxg7 14. Qf6+ Kg8
15. Qxe5 Qxe5 16. dxe5 Bd7 17. Nbd2 Bc6 18. O-O-O N8d7 19. f4 Kg7 20. Rhe1 a5
21. Bc2 h6 22. g3 a4 23. c4 Nc8 24. Nf3 Bxe4 25. Bxe4 Nc5 26. Kc2 Ne7 27. Kc3
Rfd8 28. Bc2 Nc6 29. Rxd8 Rxd8 30. Re2 Kf8 31. Rd2 Ra8 32. Nd4 Nxd4 33. Rxd4
Ke7 34. Kb4 Na6+ 35. Kxa4 Nc5+ 36. Kb4 Nd7 37. Kb3 Nc5+ 38. Kb4 Nd7 39. Kb3
Nc5+ 40. Kc3 Rxa2 41. Rd2 1/2-1/2

[Event "M.Botvinnik Memorial 2012"]
[Site "St. Petersburg, Russia"]
[Date "2012.09.01"]
[Round "8.22"]
[White "Romanko, Marina"]
[Black "Onischuk, Vladimir"]
[Result "0-1"]
[WhiteElo "2399"]
[BlackElo "2547"]
[PlyCount "72"]
[EventDate "2012.08.25"]

1. d4 d6 2. Nf3 g6 3. g3 Bg7 4. Bg2 Nf6 5. O-O O-O 6. c4 c6 7. Nc3 a6 8. e4 Bg4
9. h3 Bxf3 10. Bxf3 Nfd7 11. Be3 c5 12. d5 b5 13. Be2 b4 14. Na4 Nb6 15. Nxb6
Qxb6 16. Qd2 Re8 17. Bd1 Qa5 18. a3 Nd7 19. Ra2 e6 20. dxe6 Rxe6 21. b3 Bc3 22.
Qc2 bxa3 23. Bg4 Re7 24. Bxd7 Rxd7 25. Bc1 Bd4 26. Rxa3 Qb4 27. Rd1 Re7 28. Kh2
Rae8 29. Rxa6 Qb7 30. Rxd6 Rxe4 31. Rd2 Re1 32. Rd5 Qc8 33. Kg2 Rh1 34. Rd1
Qxh3+ 35. Kf3 Rh2 36. R1xd4 cxd4 0-1

[Event "M.Botvinnik Memorial 2012"]
[Site "St. Petersburg, Russia"]
[Date "2012.09.01"]
[Round "8.23"]
[White "Dvoirys, Semen I"]
[Black "Smirnov, Alexey"]
[Result "1-0"]
[WhiteElo "2533"]
[BlackElo "2416"]
[PlyCount "47"]
[EventDate "2012.08.25"]

1. e4 c5 2. Nf3 d6 3. d4 cxd4 4. Nxd4 Nf6 5. Nc3 a6 6. g3 e5 7. Nb3 Be7 8. Bg2
O-O 9. O-O Nbd7 10. a4 b6 11. Re1 Bb7 12. Nd2 Rc8 13. Nf1 Nc5 14. Bg5 Ne6 15.
Bxf6 Bxf6 16. Ne3 g6 17. Ncd5 Bg7 18. c3 a5 19. Qe2 Rc5 20. Red1 Kh8 21. Qd3
Qb8 22. Nxb6 Bxe4 23. Qxd6 Qb7 24. Nd7 1-0

[Event "M.Botvinnik Memorial 2012"]
[Site "St. Petersburg, Russia"]
[Date "2012.09.01"]
[Round "8.24"]
[White "Baghdasaryan, Vahe"]
[Black "Yakovich, Yuri"]
[Result "1/2-1/2"]
[WhiteElo "2368"]
[BlackElo "2525"]
[PlyCount "107"]
[EventDate "2012.08.25"]

1. e4 c5 2. Nf3 e6 3. d4 cxd4 4. Nxd4 a6 5. Bd3 Nf6 6. O-O d6 7. c4 g6 8. Qe2
Bg7 9. Rd1 O-O 10. b4 a5 11. Bb2 axb4 12. Nb5 Nc6 13. Bc2 Nh5 14. Bxg7 Kxg7 15.
Nd2 Qe7 16. g3 Rd8 17. Nf1 Nf6 18. Ne3 d5 19. exd5 exd5 20. Nd4 Re8 21. cxd5
Nxd5 22. Nxd5 Qxe2 23. Nxe2 Rxe2 24. Nb6 Ra5 25. Bd3 Re8 26. Nxc8 Rxc8 27. Bc4
Rc5 28. Bb3 Rc7 29. Rab1 h5 30. Kg2 Re7 31. Rd2 Rce5 32. Kf1 h4 33. gxh4 Rh5
34. Re1 Rxe1+ 35. Kxe1 Rxh4 36. Rd7 Ne5 37. Rxb7 Rxh2 38. f4 Nd3+ 39. Kd1 Rf2
40. Rxf7+ Kh6 41. f5 gxf5 42. Bc2 Kg6 43. Rb7 Nb2+ 44. Kc1 Nc4 45. Rxb4 Rf1+
46. Bd1 Ne3 47. Kd2 Nxd1 48. Rb1 Rf2+ 49. Ke1 Rxa2 50. Rxd1 Kg5 51. Rd3 Kg4 52.
Kf1 f4 53. Rb3 f3 54. Rb8 1/2-1/2

[Event "M.Botvinnik Memorial 2012"]
[Site "St. Petersburg, Russia"]
[Date "2012.09.01"]
[Round "8.25"]
[White "Baryshpolets, Andrey"]
[Black "Ponfilenok, Vladimir"]
[Result "0-1"]
[WhiteElo "2513"]
[BlackElo "2392"]
[PlyCount "160"]
[EventDate "2012.08.25"]

1. d4 e6 2. c4 f5 3. g3 Nf6 4. Bg2 d5 5. Nf3 c6 6. O-O Bd6 7. Nc3 O-O 8. Qc2
Ne4 9. Rb1 Nd7 10. b4 b5 11. cxb5 Nxc3 12. Qxc3 cxb5 13. Qc6 Qb6 14. Qxa8 Bb8
15. Ng5 Bb7 16. Qxb7 Qxb7 17. Nxe6 Re8 18. Nc5 Qc6 19. Be3 Nb6 20. Rfc1 Qf6 21.
Nd3 g5 22. Bf3 g4 23. Bg2 h5 24. Bf4 Qxd4 25. Bxb8 Rxb8 26. Nf4 h4 27. e3 Qf6
28. Nxd5 Nxd5 29. Bxd5+ Kh8 30. gxh4 Rd8 31. Rc5 f4 32. exf4 Qxf4 33. Rxb5 Qf5
34. Rd1 Qh5 35. Rd3 Qe8 36. Rc5 Qe2 37. Rcc3 Rf8 38. f3 gxf3 39. Rxf3 Rxf3 40.
Rxf3 Qd1+ 41. Kf2 Qxd5 42. a3 Kg7 43. h3 Qd2+ 44. Kg3 Kg6 45. h5+ Kg7 46. Kh4
Qd8+ 47. Kg4 Kh6 48. Kg3 Qg5+ 49. Kf2 Qd2+ 50. Kg3 Qc1 51. h4 Qg1+ 52. Kh3 Qd4
53. Rf5 Qd3+ 54. Kg4 Qxa3 55. Rf6+ Kg7 56. Rf4 Qd3 57. Kg5 Qd5+ 58. Kg4 Qe5 59.
Kf3 Qc3+ 60. Kg4 Kh6 61. Re4 Qc8+ 62. Kg3 Qf5 63. Rf4 Qd3+ 64. Kg4 Qd1+ 65. Kf5
Qd5+ 66. Kf6 Qd6+ 67. Kf5 Kxh5 68. Re4 Qd5+ 69. Re5 Qd7+ 70. Ke4+ Kxh4 71. b5
Kg4 72. Rd5 Qe6+ 73. Kd4 Kf4 74. Kc5 Qb6+ 75. Kc4 Ke4 76. Rc5 Qd6 77. Rc6 Qd4+
78. Kb3 Kd5 79. Rc8 Qb6 80. Ka4 a6 0-1

[Event "M.Botvinnik Memorial 2012"]
[Site "St. Petersburg, Russia"]
[Date "2012.09.01"]
[Round "8.26"]
[White "Lavrov, Maxim"]
[Black "Rogozenco, Dorian"]
[Result "1/2-1/2"]
[WhiteElo "2372"]
[BlackElo "2504"]
[PlyCount "73"]
[EventDate "2012.08.25"]

1. e4 c5 2. c3 Nf6 3. e5 Nd5 4. d4 cxd4 5. Nf3 Nc6 6. Bc4 Nb6 7. Bb3 d5 8. exd6
Qxd6 9. O-O Be6 10. Nxd4 Nxd4 11. cxd4 Bxb3 12. Qxb3 e6 13. Nc3 Qb4 14. d5 Qxb3
15. axb3 Nxd5 16. Nxd5 exd5 17. Rd1 Be7 18. Rxd5 O-O 19. Be3 Rad8 20. Rxd8 Rxd8
21. Kf1 a6 22. Rc1 Bd6 23. b4 f6 24. b5 axb5 25. Rd1 Kf7 26. Rd5 b4 27. Rb5 Rd7
28. Ke2 Ke6 29. h3 g5 30. g4 Rc7 31. Kd3 h5 32. gxh5 Rh7 33. Rb6 Kd5 34. Rb5+
Ke6 35. Rb6 Kd5 36. Rb5+ Ke6 37. Rb6 1/2-1/2

[Event "M.Botvinnik Memorial 2012"]
[Site "St. Petersburg, Russia"]
[Date "2012.09.01"]
[Round "8.27"]
[White "Rozum, Ivan"]
[Black "Krivenko, Sergey"]
[Result "1-0"]
[WhiteElo "2500"]
[BlackElo "2347"]
[PlyCount "105"]
[EventDate "2012.08.25"]

1. d4 Nf6 2. c4 g6 3. Nc3 d5 4. cxd5 Nxd5 5. Bd2 Nb6 6. e3 Bg7 7. Nf3 O-O 8.
Rc1 Nc6 9. Bb5 Bd7 10. O-O e5 11. d5 Ne7 12. e4 c6 13. dxc6 Nxc6 14. Bg5 Qe8
15. Qd6 a6 16. Qc7 axb5 17. Qxb6 Bg4 18. Nxb5 Bxf3 19. gxf3 Qd7 20. Kg2 Rxa2
21. Rfd1 Nd4 22. Nxd4 exd4 23. Bf6 Bxf6 24. Qxf6 Rxb2 25. Rxd4 Qe6 26. Qxe6
fxe6 27. Rc7 Rf7 28. Rdd7 Rxd7 29. Rxd7 Rb5 30. Re7 e5 31. Kg3 h6 32. h4 Kf8
33. Rh7 Kg8 34. Rc7 Kf8 35. Kg4 Kg8 36. h5 gxh5+ 37. Kxh5 Rb3 38. Kg4 h5+ 39.
Kg3 h4+ 40. Kg4 h3 41. Rc1 Kg7 42. Rh1 Rb2 43. Kf5 b5 44. Rxh3 b4 45. Kxe5 Rxf2
46. f4 Rb2 47. f5 Rb1 48. Ke6 Ra1 49. f6+ Kg6 50. Rg3+ Kh7 51. f7 Ra6+ 52. Kf5
b3 53. f8=Q 1-0

[Event "M.Botvinnik Memorial 2012"]
[Site "St. Petersburg, Russia"]
[Date "2012.09.01"]
[Round "8.28"]
[White "Zenzera, Alexey"]
[Black "Cherniaev, Alexander"]
[Result "1-0"]
[WhiteElo "2331"]
[BlackElo "2486"]
[PlyCount "81"]
[EventDate "2012.08.25"]

1. d4 Nf6 2. c4 d6 3. Nf3 g6 4. Nc3 Bf5 5. Nh4 Bd7 6. e4 e5 7. Nf3 exd4 8. Nxd4
Bg7 9. Be2 O-O 10. O-O Nc6 11. Be3 Re8 12. f3 Nh5 13. Qd2 Nf4 14. Nxc6 Nxe2+
15. Nxe2 bxc6 16. Bd4 f6 17. Rad1 a5 18. Bc3 Qb8 19. c5 d5 20. Nf4 Qb5 21. Qd4
Kh8 22. exd5 Rac8 23. d6 Re5 24. dxc7 Rxc7 25. Qd6 Qxc5+ 26. Qxc5 Rxc5 27. Rfe1
Bf8 28. Bxf6+ Kg8 29. Bc3 a4 30. Ne6 Bxe6 31. Rxe6 a3 32. Rd8 axb2 33. Bxb2 Rc2
34. Be5 Rb7 35. h3 Rc1+ 36. Kh2 Rf7 37. Ree8 Re1 38. a4 c5 39. a5 Rxe5 40. Rxe5
Kg7 41. Ree8 1-0

[Event "M.Botvinnik Memorial 2012"]
[Site "St. Petersburg, Russia"]
[Date "2012.09.01"]
[Round "8.29"]
[White "Predke, Alexandr"]
[Black "Khatoev, Eduard"]
[Result "1-0"]
[WhiteElo "2483"]
[BlackElo "2322"]
[PlyCount "81"]
[EventDate "2012.08.25"]

1. e4 c5 2. Nf3 d6 3. d4 cxd4 4. Nxd4 Nf6 5. Nc3 a6 6. a4 e5 7. Nf3 Qc7 8. a5
Be7 9. Bg5 Nbd7 10. Nd2 h6 11. Bxf6 Nxf6 12. Nc4 Be6 13. Nb6 Rd8 14. Be2 O-O
15. O-O Rfe8 16. Ra4 Qc5 17. Bc4 Bxc4 18. Rxc4 Qxa5 19. Ncd5 Nxd5 20. Nxd5 Bg5
21. Rc7 Rc8 22. Rxb7 Rb8 23. b4 Qa2 24. Rc7 Rec8 25. Rxc8+ Rxc8 26. c3 Rc4 27.
Qd3 g6 28. g3 Kg7 29. h4 Bd8 30. h5 Rc8 31. Ne3 Qe6 32. hxg6 fxg6 33. Ra1 h5
34. Rxa6 Bg5 35. Rxd6 Qh3 36. Rd7+ Kh8 37. Qd5 Rf8 38. Qxe5+ Bf6 39. Qd6 Bg7
40. Qe7 Rg8 41. c4 1-0

[Event "M.Botvinnik Memorial 2012"]
[Site "St. Petersburg, Russia"]
[Date "2012.09.01"]
[Round "8.30"]
[White "Duzhakov, Ilya"]
[Black "Kalegin, Evgenij"]
[Result "1/2-1/2"]
[WhiteElo "2313"]
[BlackElo "2480"]
[PlyCount "89"]
[EventDate "2012.08.25"]

1. d4 Nf6 2. Bg5 e6 3. e4 h6 4. Bxf6 Qxf6 5. c3 d5 6. Nd2 c5 7. Ngf3 Nc6 8.
dxc5 Bxc5 9. exd5 exd5 10. Nb3 Bb6 11. Be2 O-O 12. O-O Re8 13. a4 Bg4 14. a5
Bc7 15. Ra4 Re4 16. Nbd2 Bxf3 17. Bxf3 Rxa4 18. Qxa4 Nxa5 19. Rd1 Rd8 20. Nf1
Qe5 21. b4 Nc6 22. b5 Na5 23. Qd4 Qxd4 24. Rxd4 Be5 25. Rxd5 Rxd5 26. Bxd5 Bxc3
27. Ne3 Kf8 28. Kf1 g6 29. Ke2 Ke8 30. Kd3 Be5 31. g3 Bc7 32. f4 f5 33. Ng2 Ke7
34. h4 Kf6 35. Ke2 g5 36. hxg5+ hxg5 37. Kf3 Bb6 38. Ke2 gxf4 39. gxf4 Bc7 40.
Kf3 Bb6 41. Nh4 a6 42. bxa6 bxa6 43. Kg3 Bc5 44. Kf3 Bb4 45. Ke2 1/2-1/2

[Event "M.Botvinnik Memorial 2012"]
[Site "St. Petersburg, Russia"]
[Date "2012.09.01"]
[Round "8.31"]
[White "Palachev, Petr"]
[Black "Matsenko, Sergei"]
[Result "0-1"]
[WhiteElo "2290"]
[BlackElo "2468"]
[PlyCount "100"]
[EventDate "2012.08.25"]

1. Nf3 d5 2. g3 Nf6 3. Bg2 c6 4. O-O Bf5 5. d3 e6 6. c4 dxc4 7. dxc4 Qxd1 8.
Rxd1 Nbd7 9. Nc3 Bc2 10. Rf1 Bg6 11. Bf4 Be7 12. Nh4 Bh5 13. h3 h6 14. Nf3 g5
15. Bd2 O-O-O 16. Rfd1 Bxf3 17. exf3 Ne5 18. b3 Bb4 19. Ne4 Bxd2 20. Nxf6 Bc3
21. Rac1 Nxf3+ 22. Bxf3 Bxf6 23. Rxd8+ Rxd8 24. Rd1 Bd4 25. Kf1 Kc7 26. Bh5 f5
27. Ke2 a5 28. a4 Kb6 29. g4 Kc5 30. Rd3 Rf8 31. f3 Rf6 32. Kd2 e5 33. gxf5
Rxf5 34. Kc2 Rf4 35. Bg6 Kb4 36. Kb1 Rf6 37. Bh5 Rf4 38. Bg6 Rh4 39. Bf5 h5 40.
Bc8 Kc5 41. Kc2 Rf4 42. Be6 Kd6 43. Bg8 Rh4 44. f4 Rxf4 45. Rg3 g4 46. hxg4
hxg4 47. Kd1 e4 48. Bh7 Ke5 49. Rg2 Bf2 50. Ke2 g3 0-1

[Event "M.Botvinnik Memorial 2012"]
[Site "St. Petersburg, Russia"]
[Date "2012.09.01"]
[Round "8.32"]
[White "Kovalenko, Igor"]
[Black "Palchun, Grigory"]
[Result "1/2-1/2"]
[WhiteElo "2586"]
[BlackElo "2189"]
[PlyCount "106"]
[EventDate "2012.08.25"]

1. e4 c5 2. Nf3 d6 3. d4 cxd4 4. Nxd4 Nf6 5. Nc3 Nc6 6. Bg5 Bd7 7. Nb3 h6 8.
Bxf6 gxf6 9. f4 f5 10. exf5 Bxf5 11. Bd3 Bxd3 12. Qxd3 Bg7 13. O-O Qd7 14. Kh1
O-O-O 15. Nb5 Kb8 16. a4 Rhg8 17. c3 Qg4 18. Qd2 e5 19. Rae1 a6 20. Na3 Qe6 21.
Qc2 Qg6 22. f5 Qg5 23. Nc4 d5 24. Nca5 Nxa5 25. Nxa5 e4 26. c4 Be5 27. g3 Bc7
28. Nxb7 Kxb7 29. cxd5 Bxg3 30. Rg1 Bxe1 31. Rxg5 hxg5 32. Qc6+ Ka7 33. Qc5+
Ka8 34. b4 Bxb4 35. Qxb4 Rxd5 36. Qxe4 Rgd8 37. Kg2 f6 38. Kg3 R8d6 39. Kg4 Kb7
40. Kh5 Kb6 41. Qb4+ Kc6 42. Kg6 Rd2 43. Qa5 Kd7 44. Qb4 Rxh2 45. Qb7+ Kd8 46.
Qb8+ Kd7 47. Kf7 Rc2 48. Qe8+ Kc7 49. Qe3 Rcd2 50. Ke7 R2d5 51. Qa7+ Kc8 52.
Qa8+ Kc7 53. Qa7+ Kc8 1/2-1/2

[Event "M.Botvinnik Memorial 2012"]
[Site "St. Petersburg, Russia"]
[Date "2012.09.01"]
[Round "8.33"]
[White "Vunder, Andrey"]
[Black "Epishin, Vladimir"]
[Result "0-1"]
[WhiteElo "2248"]
[BlackElo "2576"]
[PlyCount "76"]
[EventDate "2012.08.25"]

1. d4 g6 2. c4 c5 3. e3 Bg7 4. Nf3 d6 5. Nc3 Nd7 6. Be2 Nh6 7. O-O O-O 8. Re1
Kh8 9. e4 Ng4 10. d5 a6 11. h3 Nge5 12. Nh2 Nb6 13. Qb3 e6 14. Nf3 Nxf3+ 15.
Bxf3 Nd7 16. Be3 e5 17. Be2 Qh4 18. Bf1 f5 19. g3 Qf6 20. exf5 gxf5 21. f4 Rg8
22. Kh2 Qg6 23. Ne2 Nf6 24. Bg2 e4 25. Qc2 b5 26. b3 Bd7 27. Rab1 Be8 28. Rh1
Rb8 29. Kg1 Nh5 30. g4 Bf6 31. g5 Qg7 32. h4 bxc4 33. Rh2 Bd4 34. Kf2 cxb3 35.
axb3 Bb5 36. Rd1 Bxe2 37. Kxe2 Bxe3 38. Kxe3 Nxf4 0-1

[Event "M.Botvinnik Memorial 2012"]
[Site "St. Petersburg, Russia"]
[Date "2012.09.01"]
[Round "8.34"]
[White "Neverov, Valeriy"]
[Black "Bazeev, German"]
[Result "1/2-1/2"]
[WhiteElo "2502"]
[BlackElo "2308"]
[PlyCount "80"]
[EventDate "2012.08.25"]

1. d4 Nf6 2. c4 e6 3. Nc3 Bb4 4. e3 c5 5. Nge2 cxd4 6. exd4 d5 7. c5 O-O 8. a3
Bxc3+ 9. Nxc3 Nc6 10. Bf4 e5 11. dxe5 d4 12. exf6 Qxf6 13. Ne2 Re8 14. Qd2 d3
15. Be3 dxe2 16. Bxe2 Qg6 17. Bf3 Ne5 18. O-O-O Nxf3 19. gxf3 Bf5 20. Qd5 Be6
21. Qg5 Qxg5 22. Bxg5 Rac8 23. b4 h6 24. Be3 Red8 25. Rhg1 Rxd1+ 26. Rxd1 Kf8
27. Kb2 Ke8 28. Bf4 b6 29. Bd6 bxc5 30. Bxc5 a5 31. Kc3 axb4+ 32. axb4 h5 33.
f4 g6 34. Rd6 Rd8 35. Rb6 Rd1 36. Be3 Kd8 37. b5 Rb1 38. Kd4 Kc8 39. Rc6+ Kb7
40. Rc5 Kb6 1/2-1/2

[Event "M.Botvinnik Memorial 2012"]
[Site "St. Petersburg, Russia"]
[Date "2012.09.01"]
[Round "8.35"]
[White "Gavrilov, Alexei"]
[Black "Khakimov, Timur"]
[Result "0-1"]
[WhiteElo "2496"]
[BlackElo "2298"]
[PlyCount "90"]
[EventDate "2012.08.25"]

1. e4 e5 2. Nf3 Nc6 3. Bb5 f5 4. Nc3 fxe4 5. Nxe4 Nf6 6. Nxf6+ Qxf6 7. Qe2 Be7
8. Bxc6 dxc6 9. Nxe5 O-O 10. d4 Bd6 11. O-O Bf5 12. Re1 Rae8 13. b3 Bxe5 14.
dxe5 Qg6 15. Ba3 Rf7 16. c4 h5 17. f3 h4 18. Rad1 h3 19. g3 b6 20. Rd2 c5 21.
Qe3 Bd7 22. Rf2 a5 23. Bb2 Bc6 24. f4 Qf5 25. Rfe2 Qe6 26. Rd2 Bb7 27. Red1
Ref8 28. Qe2 Rxf4 29. gxf4 Qg6+ 30. Kf1 Rxf4+ 31. Qf2 Qg2+ 32. Ke1 Qh1+ 33. Ke2
Rxf2+ 34. Kxf2 Qxh2+ 35. Kf1 Qh1+ 36. Kf2 Qf3+ 37. Ke1 Qg3+ 38. Rf2 Bf3 39.
Rd8+ Kh7 40. Rd3 h2 41. Rdxf3 h1=Q+ 42. Ke2 Qg4 43. Ke3 Qe1+ 44. Re2 Qgg1+ 45.
Rff2 Qgxf2+ 0-1

[Event "M.Botvinnik Memorial 2012"]
[Site "St. Petersburg, Russia"]
[Date "2012.09.01"]
[Round "8.36"]
[White "Serrano Salvador, Eduardo"]
[Black "Tunik, Gennady"]
[Result "0-1"]
[WhiteElo "2319"]
[BlackElo "2456"]
[PlyCount "62"]
[EventDate "2012.08.25"]

1. d4 Nf6 2. Nf3 e6 3. c4 b6 4. a3 Ba6 5. Qc2 Bb7 6. Nc3 c5 7. dxc5 Bxc5 8. Bf4
O-O 9. Rd1 Nc6 10. e3 h6 11. Be2 Nh5 12. Bd6 Bxd6 13. Rxd6 Qe7 14. Qd2 Nf6 15.
O-O Rfd8 16. Rd1 Rac8 17. b4 Nb8 18. Ne5 Bd5 19. cxd5 Qxd6 20. Nc4 Qf8 21. d6
Ne8 22. e4 Rxc4 23. Bxc4 Rc8 24. Bb5 Qxd6 25. Qxd6 Nxd6 26. Rxd6 Rxc3 27. g3
Kf8 28. a4 Ke7 29. e5 f6 30. f4 fxe5 31. fxe5 Re3 0-1

[Event "M.Botvinnik Memorial 2012"]
[Site "St. Petersburg, Russia"]
[Date "2012.09.01"]
[Round "8.37"]
[White "Pashinsky, Mikhail"]
[Black "Smirnov, Artem"]
[Result "1-0"]
[WhiteElo "2220"]
[BlackElo "2425"]
[PlyCount "93"]
[EventDate "2012.08.25"]

1. e4 c5 2. f4 d5 3. exd5 Nf6 4. Bb5+ Bd7 5. Bxd7+ Qxd7 6. c4 e6 7. Qe2 Bd6 8.
d3 O-O 9. dxe6 fxe6 10. Nf3 Nc6 11. O-O Rae8 12. Nc3 e5 13. f5 Nd4 14. Qd1 Nxf5
15. Bg5 Ng4 16. Nd2 Nxh2 17. Kxh2 e4+ 18. Kg1 exd3 19. Nb3 Re6 20. Qd2 Rg6 21.
Bf4 Nh4 22. Bxd6 Rxf1+ 23. Rxf1 Qxd6 24. Qf4 Qxf4 25. Rxf4 Nxg2 26. Re4 Nf4+
27. Kf2 Nh3+ 28. Ke3 Rg3+ 29. Kd2 Rg2+ 30. Ke3 Rg3+ 31. Kd2 Rg2+ 32. Ke3 g5 33.
Nxc5 Rg3+ 34. Kd4 Nf2 35. Re3 Rg4+ 36. N5e4 d2 37. Kd5 Nxe4 38. Rxe4 Rg2 39.
Rd4 Kg7 40. b4 Kg6 41. c5 a6 42. a4 h5 43. b5 axb5 44. axb5 Rg3 45. Ne4 Rb3 46.
Kc4 Rb1 47. Rxd2 1-0

[Event "M.Botvinnik Memorial 2012"]
[Site "St. Petersburg, Russia"]
[Date "2012.09.01"]
[Round "8.38"]
[White "Aitbayev, Aslan"]
[Black "Martynov, Pavel"]
[Result "1-0"]
[WhiteElo "2411"]
[BlackElo "2289"]
[PlyCount "89"]
[EventDate "2012.08.25"]

1. e4 e6 2. d4 d5 3. Nd2 Be7 4. e5 c5 5. c3 Nc6 6. Ndf3 Qb6 7. Nh3 cxd4 8. cxd4
Bd7 9. Be2 Nh6 10. Bxh6 gxh6 11. O-O O-O-O 12. Qd2 Rhg8 13. Rfd1 Rg4 14. Nf4
Rdg8 15. g3 Rf8 16. Nh5 Bg5 17. Qc2 Be7 18. h3 Rgg8 19. Rac1 Kb8 20. Qd2 Ka8
21. b3 f6 22. exf6 Bxf6 23. Nxf6 Rxf6 24. Qe3 Rgf8 25. Rc3 a6 26. Rd2 h5 27. h4
Ka7 28. Bd1 Rf5 29. a3 a5 30. b4 Kb8 31. bxa5 Qxa5 32. Rb2 Qa7 33. Rcb3 Bc8 34.
Rb6 Kc7 35. Ne5 Qxb6 36. Rxb6 Kxb6 37. Nxc6 bxc6 38. f4 Bd7 39. Bc2 R5f7 40.
Qe5 Ra8 41. a4 Bc8 42. Qxh5 Rg7 43. Kf2 Ba6 44. Qh6 Rag8 45. Bxh7 1-0

[Event "M.Botvinnik Memorial 2012"]
[Site "St. Petersburg, Russia"]
[Date "2012.09.01"]
[Round "8.39"]
[White "Zimmermann, Ulrich"]
[Black "Ulanov, Alexandr"]
[Result "0-1"]
[WhiteElo "2219"]
[BlackElo "2398"]
[PlyCount "92"]
[EventDate "2012.08.25"]

1. c4 Nc6 2. d4 e5 3. d5 Nce7 4. e4 Nf6 5. Bd3 Ng6 6. Ne2 Bc5 7. h4 Ng4 8. Be3
Bxe3 9. fxe3 Nxe3 10. Qd2 Nxg2+ 11. Kd1 N2xh4 12. c5 d6 13. cxd6 cxd6 14. Bb5+
Bd7 15. Bxd7+ Qxd7 16. Nbc3 Rc8 17. Qg5 Nf3 18. Qe3 Nd4 19. Nxd4 exd4 20. Qxd4
O-O 21. Kc2 f5 22. Rae1 b5 23. Kb1 Rc4 24. Qd3 f4 25. e5 dxe5 26. Ka1 Rd4 27.
Qf3 b4 28. Ne2 Rxd5 29. Qh5 Rd8 30. Qxh7+ Kf7 31. Qh5 Rh8 32. Qf3 Rd3 33. Qe4
Rxh1 34. Qxh1 Rd2 35. Qf1 a5 36. Ng1 Qd3 37. Nf3 Qxf1 38. Rxf1 Re2 39. Kb1 Kf6
40. Kc1 Re3 41. Nd2 Rd3 42. Nc4 a4 43. Kc2 Rd4 44. Nb6 e4 45. Nxa4 e3 46. Nb6
e2 0-1

[Event "M.Botvinnik Memorial 2012"]
[Site "St. Petersburg, Russia"]
[Date "2012.09.01"]
[Round "8.40"]
[White "Tseitlin, Mark D"]
[Black "Bulatov, Ramil"]
[Result "1-0"]
[WhiteElo "2396"]
[BlackElo "2205"]
[PlyCount "45"]
[EventDate "2012.08.25"]

1. e4 e6 2. d4 d5 3. Nd2 Be7 4. Ngf3 Nf6 5. e5 Nfd7 6. c3 c5 7. Bd3 Nc6 8. O-O
g5 9. dxc5 g4 10. Nd4 Ncxe5 11. Bc2 Bxc5 12. N2b3 Bb6 13. Nb5 Qf6 14. Be3 Rg8
15. Bxb6 Nf3+ 16. Kh1 Nxh2 17. Bc7 Nf3 18. gxf3 e5 19. Nd6+ Kf8 20. Nf5 Nb6 21.
Bd6+ Ke8 22. Bxe5 Qg5 23. fxg4 1-0

[Event "M.Botvinnik Memorial 2012"]
[Site "St. Petersburg, Russia"]
[Date "2012.09.01"]
[Round "8.41"]
[White "Rozhko, Dmitry"]
[Black "Belov, Nikita"]
[Result "1/2-1/2"]
[WhiteElo "2388"]
[BlackElo "1992"]
[PlyCount "135"]
[EventDate "2012.08.25"]

1. d4 Nf6 2. Nf3 g6 3. Nc3 Bg7 4. e4 d6 5. Bc4 O-O 6. Qe2 Bg4 7. e5 Ne8 8. Bg5
Nc6 9. O-O-O h6 10. Bh4 g5 11. Bg3 e6 12. h4 d5 13. Bb3 f6 14. exf6 Bxf6 15.
Qe3 Ng7 16. hxg5 hxg5 17. Rd2 Bxf3 18. gxf3 Re8 19. Qd3 Nxd4 20. Qg6 Rf8 21.
Ne4 Nxb3+ 22. axb3 Qe7 23. Bxc7 dxe4 24. Bd6 Bxb2+ 25. Kb1 Qf6 26. Qh7+ Kf7 27.
Bxf8 Rxf8 28. Rh6 Qf5 29. Kxb2 Qxh7 30. Rxh7 Kg6 31. Rh1 e5 32. Rd7 Rb8 33. Rh3
Rf8 34. Rxb7 Nh5 35. Rb4 Rf5 36. Rb8 Nf6 37. c4 g4 38. Rg3 Kg5 39. Rd8 exf3 40.
Kc2 Kf4 41. Rg1 Ne4 42. b4 Nxf2 43. c5 Rf7 44. c6 Rc7 45. b5 a6 46. Rd7 Rc8 47.
Rf7+ Ke4 48. c7 axb5 49. Kd2 b4 50. Re1+ Kd5 51. Ke3 Nh3 52. Rd1+ Kc6 53. Rc1+
Kb6 54. Rc4 Nf4 55. Rxb4+ Kc5 56. Rb2 Nd5+ 57. Ke4 Rxc7 58. Rf8 Nc3+ 59. Kxe5
Re7+ 60. Kf4 Re4+ 61. Kf5 Re2 62. Rc8+ Kd4 63. Rb4+ Kd3 64. Rb3 Rc2 65. Kxg4 f2
66. Rf8 Ke2 67. Rb7 Nd5 68. Rb1 1/2-1/2

[Event "M.Botvinnik Memorial 2012"]
[Site "St. Petersburg, Russia"]
[Date "2012.09.01"]
[Round "8.42"]
[White "Kiselev, Pavel"]
[Black "Serov, Maksim"]
[Result "1-0"]
[WhiteElo "2179"]
[BlackElo "2370"]
[PlyCount "69"]
[EventDate "2012.08.25"]

1. d4 f5 2. Nf3 d6 3. g3 Nf6 4. Bg2 Nbd7 5. Ng5 Nb6 6. e4 h6 7. Nh3 e5 8. Nc3
g5 9. f4 exf4 10. gxf4 g4 11. Nf2 d5 12. exd5 Nbxd5 13. Nxd5 Nxd5 14. O-O Bg7
15. Re1+ Kf7 16. c4 Nb6 17. Be3 Re8 18. Qd3 c6 19. Rad1 Bd7 20. b3 Qf6 21. Qc2
Re7 22. Nd3 Rae8 23. Ne5+ Kg8 24. a4 Nc8 25. Qf2 b6 26. Bc1 Qd6 27. Qa2 Qc7 28.
Ba3 Nd6 29. c5 bxc5 30. Bxc5 Re6 31. b4 Kh7 32. Qc2 a6 33. Re3 h5 34. Rde1 R6e7
35. Qd3 1-0

[Event "M.Botvinnik Memorial 2012"]
[Site "St. Petersburg, Russia"]
[Date "2012.09.01"]
[Round "8.43"]
[White "Larin, Maxim"]
[Black "Solovjov, Sergey I"]
[Result "1/2-1/2"]
[WhiteElo "2131"]
[BlackElo "2365"]
[PlyCount "120"]
[EventDate "2012.08.25"]

1. d4 Nf6 2. c4 g6 3. Nc3 Bg7 4. e4 d6 5. Nf3 O-O 6. Be2 e5 7. O-O Nc6 8. d5
Ne7 9. Ne1 Nd7 10. Be3 f5 11. f3 f4 12. Bf2 g5 13. Rc1 Rf6 14. g4 fxg3 15. hxg3
Rh6 16. Ng2 Rh3 17. Ne3 Nf6 18. Kg2 h5 19. Rh1 Rxh1 20. Qxh1 c5 21. dxc6 bxc6
22. b4 Be6 23. Rd1 Qc7 24. b5 Rd8 25. bxc6 Nxc6 26. Nb5 Qa5 27. Qe1 Qxa2 28.
Nxd6 Nd4 29. Rd2 Qa4 30. Ndf5 g4 31. Nxd4 exd4 32. Nd5 gxf3+ 33. Bxf3 Bg4 34.
Qe2 Nxd5 35. exd5 Re8 36. Qd3 Bxf3+ 37. Kxf3 Qa1 38. Kg2 Qc3 39. d6 Qb4 40.
Bxd4 Qxd6 41. Bxg7 Qxd3 42. Rxd3 Kxg7 43. Rd7+ Kf6 44. Rxa7 Rc8 45. Ra4 Ke5 46.
Ra5+ Kd4 47. Rxh5 Kxc4 48. Re5 Kd4 49. Re2 Rg8 50. Re7 Kd5 51. Rf7 Ke6 52. Rf4
Ke5 53. Kf3 Ra8 54. Kg2 Rg8 55. Kf2 Rg5 56. Ra4 Kf6 57. Kf3 Rb5 58. Kg4 Kg6 59.
Ra6+ Kg7 60. Kh4 Rc5 1/2-1/2